Skip to content
VuFind
Login
All Fields
Title
Author
Subject
Call Number
ISBN/ISSN
Tag
Find
Advanced
Pattupattu/
Cite this
Text this
Email this
Print
Export Record
Export to RefWorks
Export to EndNoteWeb
Export to EndNote
Export to MARC
Export to BibTeX
Export to RIS
Save to List
Permanent link
Pattupattu/
Saved in:
Bibliographic Details
Format:
Book
Published:
Sri Lanka
Jaffna College
2024
Edition:
1st ed
Tags:
Add Tag
No Tags, Be the first to tag this record!
Holdings
Description
Comments
Similar Items
Staff View
MARC
LEADER
00000nam a22000007a 4500
082
|a
811
|b
CHE
245
|a
Pattupattu/
250
|a
1st ed
260
|a
Sri Lanka
|b
Jaffna College
|c
2024
300
|a
253 P.
|b
ill
942
|c
BK
999
|c
42600
|d
42600
Similar Items
Pattupattu/
by: Chelliah, J.V
Published: (2024)
Pattupattu : An introduction to tamil civilization
by: Chelliah, J.V
Published: (2024)
Pattupattu : An introduction to tamil civilization /
by: Chelliah, J.V
Published: (2024)
Pattupattu : ten Tamil idylls
by: Chelliah, J. V.
Published: (1946)
සුමේරියානු ශිෂ්ටාචාරය : ක්රි. පු. 4000-2000
by: කරුණානන්ද, උක්කුබණ්ඩා
Published: (2010)